Normal view
MARC view
Entry Personal Name
001 - CONTROL NUMBER
- control field: 7282
003 - CONTROL NUMBER IDENTIFIER
- control field: ARRUPE
005 - DATE AND TIME OF LATEST TRANSACTION
- control field: 20140129180036.0
008 - FIXED-LENGTH DATA ELEMENTS
- fixed length control field: 140129|| aca||aabn | a|a d
040 ## - CATALOGING SOURCE
- Original cataloging agency: ARRUPE
- Transcribing agency: ARRUPE
100 ## - HEADING--PERSONAL NAME
- Personal name: Jacobs, Jane,
- Dates associated with a name: 1916-2006.
670 ## - SOURCE DATA FOUND
- Source citation: Work cat.: (ARRUPE)0: Jacobs, Jane, 1916-2006., Cities and the wealth of nations :, 1985, c1984.